Interactive dramaturgies : new approaches in multimedia content and design (Record no. 217123)

MARC details
000 -LEADER
fixed length control field 00792nam a2200241Ia 4500
008 - FIXED-LENGTH DATA ELEMENTS--GENERAL INFORMATION
fixed length control field 191130s2004##################000#0#eng##
020 ## - INTERNATIONAL STANDARD BOOK NUMBER
ISBN 9783540442066
082 ## - DEWEY DECIMAL CLASSIFICATION NUMBER
Classification number 006.7 HAG
245 ## - TITLE STATEMENT
Title Interactive dramaturgies : new approaches in multimedia content and design
Statement of responsibility, etc Heide Hagebölling (ed.)
260 ## - PUBLICATION, DISTRIBUTION, ETC. (IMPRINT)
Place of publication Berlin
Name of publisher Springer
Year of publication c2004
300 ## - PHYSICAL DESCRIPTION
Number of Pages xiv, 260 p. : ill. (some col.) ; 25 cm
500 ## - GENERAL NOTE
General note Includes bibliographical references
650 ## - SUBJECT ADDED ENTRY--TOPICAL TERM
Topical Term Digital media
Topical Term Drama - Technique - Computer programs
Topical Term Interactive multimedia - Authoring programs
Topical Term Multimedia systems
700 ## - ADDED ENTRY--PERSONAL NAME
Personal name Hagebölling, Heide
991 ## -
-- 119578
Holdings
Withdrawn status Lost status Damaged status Not for loan Home library Current library Shelving location Date acquired Full call number Accession Number Price effective from Koha item type
        Anna Centenary Library Anna Centenary Library 3RD FLOOR, A WING 13.10.2020 006.7 HAG 317940 13.10.2020 English Books

Find us on the map